| 000 | 00445nam a2200193Ia 4500 | ||
|---|---|---|---|
| 008 | 170705s9999 xx 000 0 und d | ||
| 020 | _a9780439109901 | ||
| 245 | 4 | _aThe wild whale watch / | |
| 245 | _cEva Moore. | ||
| 260 | _aNew York : | ||
| 260 | _bScholastic, | ||
| 260 | _c2000 | ||
| 300 | _a75 pages : | ||
| 300 | _bcolor illustration ; | ||
| 300 | _c19cm. | ||
| 440 | _aThe magic school bus ; | ||
| 440 | _v3 | ||
| 500 | _a590 | ||
| 999 |
_c335921 _d335921 |
||